Comprehensive Nursing MCQs for Nursing Competitive Exams (Record no. 158598)

MARC details
000 -LEADER
fixed length control field 00441nam a2200145Ia 4500
008 - FIXED-LENGTH DATA ELEMENTS--GENERAL INFORMATION
fixed length control field 230411s9999 xx 000 0 und d
020 ## - INTERNATIONAL STANDARD BOOK NUMBER
International Standard Book Number 978-93-86310-33-0
041 ## - LANGUAGE CODE
Language code of text/sound track or separate title eng
082 ## - DEWEY DECIMAL CLASSIFICATION NUMBER
Classification number F/610.07/PIT/B09581
100 ## - MAIN ENTRY--PERSONAL NAME
Personal name Pitre Sneha & Bhore Nilima
9 (RLIN) 180118
245 ## - TITLE STATEMENT
Title Comprehensive Nursing MCQs for Nursing Competitive Exams
260 ## - PUBLICATION, DISTRIBUTION, ETC. (IMPRINT)
Name of publisher, distributor, etc. CBS Publishers & Distributors
Place of publication, distribution, etc. New Delhi
Date of publication, distribution, etc. 2017
300 ## - PHYSICAL DESCRIPTION
Extent 417p
Holdings
Withdrawn status Lost status Damaged status Not for loan Collection code Home library Current library Date acquired Vendor Cost, normal purchase price Bill number Total Checkouts Full call number Barcode Date last seen Date last checked out Cost, replacement price Bill Date Koha item type Original Barcode
          Smt. Bakul Tambat Institute of Nursing Education Smt. Bakul Tambat Institute of Nursing Education 09/12/2021 Patil Medical Book House 525.00 1605 1 F 610.07 PIT B09581 BTIN-BK-9581 04/02/2025 28/01/2025 341.25 24/09/2021 Books B09581
      Reference   Smt. Bakul Tambat Institute of Nursing Education Smt. Bakul Tambat Institute of Nursing Education 09/12/2021 Patil Medical Book House 525.00 1605   F 610.07 PIT B09582 BTIN-BK-9582 11/04/2023   341.25 24/09/2021 Books B09582